00858nam a22002417a 450000500170000001000130001702000260003003500130005603700160006904000120008508200200009710000220011724500720013926000390021127000460025030000210029650000520031765000370036965000270040694200290043399900190046295201350048120170124110131.0 aB-120167 c850.00a9788173871610 aB-120167 bCen Lib/Ret aDPLbEN a306.095456bHAN aHanda, O. C91145 aNaga cults and traditions in the western Himalaya /cby O. C. Handa aNew DelhibIndus Publishing c2004 aFS-5, Tagore Garden bNew Delhie110027 a367p. c22cm(Hb) aIncludes bibliographical references and index  aHimalaya Mountains Region925008 aSerpent worship932207 2ddccENh306.095456mHAN c131595d131595 00104070aLbLd2015-07-15eCen Lib/Ret g850.00l0o306.095456 HANpB-120167r2015-07-15 00:00:00t1v850.00w2015-07-15yEN